00614nam a22001817a 450000500170000001000150001702000260003203500140005803700090007208200130008124501390009426000340023327000700026730000270033770000190036470000280038370000210041120220211104328.0 aENG-131523 a9789381208960c500.00 aEN-115055 bDBAD a658.5038 aLeveraging Best Practices in Organisation:cEdited by Nirmala Mohan, T. Shirley Devakirubai, N. Sorna KumaribCreating Business Value/ aChennaibG.K. Publisherc2018 a# 16, M.R.M. Road, C.A.R. Complex, West TambarambChennaie600045 aviii, 206p.c24cm(pbk) aMohan, Nirmala aDevakirubai, T. Shirley aKumari, N. Sorna